| 000 | 00543nam a22001937a 4500 | ||
|---|---|---|---|
| 003 | OSt | ||
| 005 | 20240314101815.0 | ||
| 008 | 240314b |||||||| |||| 00| 0 eng d | ||
| 020 | _a9780135863480 | ||
| 040 | _cn | ||
| 082 | _a378.12 J88 1986 | ||
| 100 | _aJoyce, Bruce | ||
| 245 |
_a Models of teaching / _cBruce R. Joyce, Marsha Weil |
||
| 250 | _a3rd ed. | ||
| 260 | _bPrentice-Hall, Englewood Cliffs, N.J., ©1986 | ||
| 300 | _a ix, 518 pages : illustrations ; 24 cm | ||
| 650 | _zTeaching Simulations: Models | ||
| 942 |
_2ddc _cBK-EN _n0 |
||
| 999 |
_c6628 _d6628 |
||